Województwa Polski - wpisz pierwszą literę - Statystyki

Ogólne statystyki
  • Ten quiz został rozwiązany 15 861 razy
  • Średni wynik to 9 z 16
Odpowiedzi na mapie
Odpowiedzi zakodowano w zielono-czerwonej skali na mapie do tego quizu, zgodnie z poniższymi procentami.
 
Statystyki odpowiedzi
Województwo % Poprawnych
kujawsko-pomorskie
97%
wielkopolskie
93%
mazowieckie
92%
podlaskie
88%
śląskie
82%
warmińsko-mazurskie
74%
lubelskie
69%
lubuskie
65%
małopolskie
57%
podkarpackie
51%
dolnośląskie
43%
świętokrzyskie
37%
zachodniopomorskie
30%
łódzkie
24%
opolskie
20%
pomorskie
16%
Nie znaleziono quizów pasujących do podanych kryteriów
Rozkład punktacji
Procent ludzi z każdym wynikiem
Percentyl według liczby udzielonych odpowiedzi
Twoja historia wyników
Nie rozwiązałeś tego quizu